<?xml version="1.0" encoding="UTF-8"?>
<record
    xmlns:xsi="http://www.w3.org/2001/XMLSchema-instance"
    xsi:schemaLocation="http://www.loc.gov/MARC21/slim http://www.loc.gov/standards/marcxml/schema/MARC21slim.xsd"
    xmlns="http://www.loc.gov/MARC21/slim">

  <leader>00490nam a22001217a 4500</leader>
  <datafield tag="040" ind1=" " ind2=" ">
    <subfield code="c">RUA</subfield>
  </datafield>
  <datafield tag="082" ind1=" " ind2=" ">
    <subfield code="a">RUA NGO 2014 C108 Or.</subfield>
  </datafield>
  <datafield tag="100" ind1=" " ind2=" ">
    <subfield code="a">NGO BUNTHAN, MEN SAROM.</subfield>
  </datafield>
  <datafield tag="245" ind1=" " ind2=" ">
    <subfield code="a">Proceedings of Agriculture and Rural Development (Sharing Together to improve Agricultural Productivities and Rural livelihood), October 31,2014 Royal Universithy  Of Agriculture, Phnom Penh , Cambodia</subfield>
  </datafield>
  <datafield tag="260" ind1=" " ind2=" ">
    <subfield code="a">PHNOM PENH</subfield>
    <subfield code="b">RUA</subfield>
    <subfield code="c">2014 </subfield>
  </datafield>
  <datafield tag="300" ind1=" " ind2=" ">
    <subfield code="a">xiv,183p.</subfield>
    <subfield code="b">ill.</subfield>
    <subfield code="c">29cm.</subfield>
  </datafield>
  <datafield tag="942" ind1=" " ind2=" ">
    <subfield code="c">&#x179F;&#x17C0;&#x179C;&#x1797;&#x17C5;&#x1782;&#x17C4;&#x179B;</subfield>
  </datafield>
  <datafield tag="999" ind1=" " ind2=" ">
    <subfield code="c">25462</subfield>
    <subfield code="d">25462</subfield>
  </datafield>
  <datafield tag="952" ind1=" " ind2=" ">
    <subfield code="0">0</subfield>
    <subfield code="1">0</subfield>
    <subfield code="4">0</subfield>
    <subfield code="6">RUA_NGO_2014_000000000000000_C108_OR</subfield>
    <subfield code="7">0</subfield>
    <subfield code="9">105797</subfield>
    <subfield code="a">LBC</subfield>
    <subfield code="b">LBC</subfield>
    <subfield code="c">C108</subfield>
    <subfield code="d">2026-02-06</subfield>
    <subfield code="o">RUA NGO 2014 C108 Or.</subfield>
    <subfield code="p">C034277</subfield>
    <subfield code="r">2026-02-06</subfield>
    <subfield code="y">&#x179F;&#x17C0;&#x179C;&#x1797;&#x17C5;&#x1782;&#x17C4;&#x179B;</subfield>
  </datafield>
</record>
